| 000 | 01143nam a2200193Ia 4500 | ||
|---|---|---|---|
| 003 | Ost | ||
| 005 | 20260507075642.0 | ||
| 008 | 260507s9999||||xx |||||||||||||| ||und|| | ||
| 040 | _cfsecg | ||
| 041 | _aara | ||
| 082 | _a332.76 | ||
| 100 |
_aأبو الروس، أحمد _eمؤلف |
||
| 245 | 0 |
_aأحكام الكمبيالة والشيك طبقا لقانون التجارة الجديد رقم 174 لسنة 1999 / _c أحمد أبو الروس |
|
| 260 |
_aالإسكندرية: _bالمكتب الجامعي الحديث, _c2002 |
||
| 300 |
_a253 صفحة؛ _bإيضاحات ؛ _c24 سم |
||
| 520 | _aنصوص القانون رقم 17 لسنة 1999 - إنشاء الكمبيالة- تداول الكمبيالة- ضمانات الوفاء بالكمبيالة- الإمتناع عن الوفاء بالكمبيالة- السقوط والتقادم- تداول الشيك- ضمانات الوفاء بالشيك- الرجوع لعدم الوفاء- التقادم- العقوبات المنصوص عليها في جرائم الشيك- أحكام محكمة النقض في الشيك | ||
| 653 | _aالشيكات | ||
| 942 | _cكتاب | ||
| 999 |
_c45432 _d45432 |
||